Calculation of hydrofoil sections for prescribed pressure distributions /

Bibliographic Details
Main Author: Parkin, Blaine Raphael
Other Authors: Peebles, Glenn H.
Format: Book
Language:English
Published: New York, N.Y. : Society of Naval Architects and Marine Engineers, 1956 (1966 printing)
Series:Technical and research bulletin (Society of Naval Architects and Marine Engineers (U.S.)) ; no. 1-17.
Subjects:

MARC

Tag First Indicator Second Indicator Subfields
LEADER 00000cam a2200000 a 4500
001 in00000074617
005 20151008053611.0
008 760909r19661956nyua b 00010 engmd
035 |a (OCoLC)02419589 
035 |9 AAH7980AM 
040 |a MYG  |c MYG  |d m.c.  |d TXA  |d UtOrBLW 
049 |a TXAM  |c [1480765] 
090 |a VM1  |b .S625 no.1-17, 1966a 
100 1 |a Parkin, Blaine Raphael. 
245 1 0 |a Calculation of hydrofoil sections for prescribed pressure distributions /  |c by Blaine R. Parkin and Glenn H. Peebles. 
264 1 |a New York, N.Y. :  |b Society of Naval Architects and Marine Engineers,  |c 1956 (1966 printing) 
300 |a iii, 55 pages :  |b illustrations ;  |c 28 cm. 
336 |a text  |b txt  |2 rdacontent 
337 |a unmediated  |b n  |2 rdamedia 
338 |a volume  |b nc  |2 rdacarrier 
490 1 |a Technical and research bulletin ;  |v no. 1-17 
500 |a Cover title. 
500 |a Photocopy. 
504 |a Includes bibliographical references. 
650 0 |a Hydrofoil boats. 
700 1 |a Peebles, Glenn H. 
830 0 |a Technical and research bulletin (Society of Naval Architects and Marine Engineers (U.S.)) ;  |v no. 1-17. 
999 |a MARS 
999 f f |s 337806f0-3238-333c-8247-bbf45db54d6f  |i 1bc756fe-4420-3e87-9a96-2a1c80c59f9f  |t 0 
952 f f |p ric  |a Texas A&M University  |b Rellis Campus  |c Joint Library Facility  |s JLF  |d Remote Storage  |t 0  |e VM1 .S625 no.1-17, 1966a  |h Library of Congress classification  |i unmediated -- volume  |m A14806261627 
952 f f |p ric  |a Texas A&M University  |b Rellis Campus  |c Joint Library Facility  |s JLF  |d Remote Storage  |t 0  |e VM1 .S625  |g no.1-17  |h Library of Congress classification  |i unmediated -- volume  |m 33620000472619 
998 f f |a VM1 .S625  |t 0  |l Remote Storage 
998 f f |a VM1 .S625 no.1-17, 1966a  |t 0  |l Remote Storage